[Event "Piestany Slovakia op"]
[Site "Piestany"]
[Date "2021.07.15"]
[Round "6"]
[White "Novomeska, Karin"]
[Black "Furman, Slavomir"]
[Result "1/2-1/2"]
[WhiteElo "1455"]
[BlackElo "1720"]
[PlyCount "78"]
[EventDate "2021.07.10"]
[EventType "swiss"]
[EventRounds "9"]
[EventCountry "SVK"]
[SourceTitle "CBM 203 Extra"]
[Source "ChessBase"]
[SourceDate "2021.09.30"]
[SourceVersion "1"]
[SourceVersionDate "2021.09.30"]
[SourceQuality "1"]

1. e4 e5 2. Nf3 Nf6 3. Nc3 Nc6 4. d4 exd4 5. Nxd4 Nxe4 6. Nxe4 Qe7 7. f3 d5 8. Nxc6 bxc6 9. Qe2 dxe4 10. Qxe4 Qxe4+ 11. fxe4 Bd6 12. Bc4 0-0 13. 0-0 Bb7 14. Bd2 Rad8 15. Be3 c5 16. e5 Bxe5 17. Bxc5 Bd4+ 18. Bxd4 Rxd4 19. Bb3 c5 20. Rad1 g6 21. Rxd4 cxd4 22. Rf4 d3 23. cxd3 Kg7 24. Kf2 f5 25. Rd4 Kh6 26. Rd7 Rb8 27. d4 a5 28. d5 a4 29. Bxa4 Bc8 30. Rc7 Rxb2+ 31. Rc2 Rxc2+ 32. Bxc2 Kg5 33. Kf3 Kf6 34. h4 Ke5 35. Bb3 h6 36. g3 g5 37. h5 Ba6 38. a4 Bf1 39. a5 Ba6 1/2-1/2

[Event "Liptovsky Jan Slovak op U2200"]
[Site "Liptovsky Jan"]
[Date "2021.06.20"]
[Round "6"]
[White "Koren, Juraj"]
[Black "Furman, Slavomir"]
[Result "0-1"]
[WhiteElo "1497"]
[BlackElo "1744"]
[PlyCount "46"]
[EventDate "2021.06.17"]
[EventType "swiss"]
[EventRounds "7"]
[EventCountry "SVK"]
[SourceTitle "CBM 203 Extra"]
[Source "ChessBase"]
[SourceDate "2021.09.30"]
[SourceVersion "1"]
[SourceVersionDate "2021.09.30"]
[SourceQuality "1"]

1. c4 e6 2. e4 d5 3. e5 c5 4. Nc3 Nc6 5. f4 a6 6. Nf3 Nge7 7. Be2 Nf5 8. 0-0 d4 9. Ne4 d3 10. Bxd3 Qxd3 11. Nfg5 h6 12. Qh5 g6 13. Nf6+ Ke7 14. Qg4 hxg5 15. Qxg5 Qd4+ 16. Kh1 Kd8 17. b3 Be7 18. Rb1 Rh5 19. Qg4 Bxf6 20. exf6 Ne5 21. Bb2 Nxg4 22. Bxd4 Ng3+ 23. Kg1 Nxf1 0-1

[Event "Liptovsky Jan Slovak op U2200"]
[Site "Liptovsky Jan"]
[Date "2021.06.18"]
[Round "2"]
[White "Sosovickova, Martina"]
[Black "Furman, Slavomir"]
[Result "1-0"]
[WhiteElo "1512"]
[BlackElo "1744"]
[PlyCount "83"]
[EventDate "2021.06.17"]
[EventType "swiss"]
[EventRounds "7"]
[EventCountry "SVK"]
[SourceTitle "CBM 203 Extra"]
[Source "ChessBase"]
[SourceDate "2021.09.30"]
[SourceVersion "1"]
[SourceVersionDate "2021.09.30"]
[SourceQuality "1"]

1. e4 e5 2. Nf3 Nf6 3. Nc3 Nc6 4. d4 exd4 5. Nxd4 Bb4 6. Nxc6 bxc6 7. Bd3 d5 8. exd5 0-0 9. 0-0 Bg4 10. f3 Bh5 11. Bg5 Bxc3 12. bxc3 cxd5 13. Rb1 Qd6 14. Kh1 Bg6 15. Qd2 c6 16. Bf4 Qd7 17. Rfe1 Rfe8 18. Be3 Re6 19. Ba6 Qe7 20. Bd3 Re8 21. Bf2 Qd7 22. Rxe6 Qxe6 23. Bxa7 Nd7 24. Bf2 f6 25. a4 Bxd3 26. cxd3 Ra8 27. Ra1 c5 28. Bg3 Qc6 29. a5 Qb5 30. c4 Qc6 31. cxd5 Qxd5 32. Qa2 Qxa2 33. Rxa2 Ne5 34. Bxe5 fxe5 35. a6 Kf7 36. Kg1 Ke6 37. Kf2 Kd5 38. Ke3 g5 39. a7 h6 40. g4 c4 41. Ra5+ Kc6 42. dxc4 1-0

[Event "Banska Stiavnica V4 op"]
[Site "Banska Stiavnica"]
[Date "2018.07.12"]
[Round "6"]
[White "Panko, Radoslav"]
[Black "Furman, Slavomir"]
[Result "1-0"]
[WhiteElo "2049"]
[BlackElo "1768"]
[PlyCount "75"]
[EventDate "2018.07.07"]
[EventType "swiss"]
[EventRounds "9"]
[EventCountry "SVK"]
[SourceTitle "CBM 185 Extra"]
[Source "ChessBase"]
[SourceDate "2018.07.29"]
[SourceVersion "1"]
[SourceVersionDate "2018.07.29"]
[SourceQuality "1"]

1. Nc3 d5 2. e4 e6 3. d4 Nc6 4. Nf3 Nf6 5. e5 Ne4 6. Bd3 Bb4 7. Bd2 Nxd2 8. Qxd2 Be7 9. a3 Bd7 10. b4 a5 11. b5 Nb8 12. 0-0 c5 13. Rfb1 c4 14. Bf1 a4 15. g3 Qb6 16. Ra2 Ra5 17. h4 0-0 18. Nh2 Bxb5 19. Rab2 Bxa3 20. Rxb5 Rxb5 21. Rxb5 Qa6 22. Rb1 Qa5 23. Rb5 Qa6 24. Rb1 Qa5 25. Qe3 Bb4 26. Na2 Bd2 27. Qe2 b5 28. Nf3 Bh6 29. g4 g6 30. g5 Bg7 31. c3 Nc6 32. Nh2 Rb8 33. Ng4 b4 34. Nxb4 Nxb4 35. cxb4 Rxb4 36. Qd2 Bf8 37. Nh6+ Bxh6 38. Qxb4 1-0

[Event "SVK-ch Amateurs"]
[Site "Stara Lubovna"]
[Date "2015.05.07"]
[Round "1"]
[White "Holtman, Teodor"]
[Black "Furman, Slavomir"]
[Result "1-0"]
[WhiteElo "2139"]
[BlackElo "1789"]
[PlyCount "85"]
[EventDate "2015.05.07"]
[EventType "swiss"]
[EventRounds "7"]
[EventCountry "SVK"]
[SourceTitle "EXT 2017"]
[Source "ChessBase"]
[SourceDate "2016.10.25"]
[SourceVersion "1"]
[SourceVersionDate "2016.10.25"]
[SourceQuality "1"]

1. c4 e6 2. e4 d5 3. cxd5 exd5 4. exd5 Nf6 5. Qa4+ Nbd7 6. Nc3 Qe7+ 7. Be2 Qb4 8. Bb5 a6 9. Nge2 Be7 10. 0-0 0-0 11. Bxd7 Bxd7 12. Qc2 Qd6 13. Qb3 Qb4 14. Qxb4 Bxb4 15. d4 Rfe8 16. Bf4 Rac8 17. a3 Ba5 18. b4 Bb6 19. Rfe1 Bb5 20. Nxb5 axb5 21. d6 cxd6 22. Bxd6 Re6 23. Bc5 Rce8 24. Bxb6 Rxe2 25. Rxe2 Rxe2 26. Rc1 g6 27. Kf1 Ra2 28. Rc7 Nd5 29. Rxb7 Rxa3 30. Bc5 Kg7 31. g3 Nc3 32. d5 Nxd5 33. Bd4+ Kf8 34. Rxb5 Nc3 35. Rb7 Ne4 36. Kg2 Ra2 37. b5 Ra4 38. Be3 Ke8 39. b6 Rb4 40. Ra7 Nf6 41. b7 Nd7 42. Bf4 Ke7 43. b8Q 1-0

[Event "IECG CP.2005.P.00068"]
[Site "IECG email"]
[Date "2005.10.01"]
[Round "?"]
[White "Furman, Slavomir"]
[Black "Sheers, Matthew Philip"]
[Result "0-1"]
[WhiteElo "1965"]
[BlackElo "1624"]
[PlyCount "64"]
[EventDate "2005.10.01"]
[EventType "tourn (corr)"]
[EventRounds "6"]
[SourceTitle "Corr 2008"]
[Source "ChessBase"]
[SourceDate "2008.06.24"]
[SourceVersion "1"]
[SourceVersionDate "2008.06.24"]
[SourceQuality "1"]

1. d4 Nf6 2. c4 e6 3. Nf3 d5 4. Nc3 Be7 5. Bg5 h6 6. Bh4 Nbd7 7. e3 0-0 8. Rc1 Re8 9. Qc2 a6 10. Bd3 dxc4 11. Bxc4 b5 12. Bd3 Bb7 13. 0-0 Bxf3 14. gxf3 c5 15. dxc5 Nxc5 16. Be2 Rc8 17. Bg3 Qa5 18. Qb1 b4 19. Ne4 Ncxe4 20. fxe4 Nh5 21. Bf4 Nxf4 22. exf4 Rxc1 23. Rxc1 b3 24. axb3 Qd2 25. Bxa6 Qxf4 26. Rc3 Rd8 27. Be2 Rd2 28. Rf3 Qg4+ 29. Kf1 Qh5 30. h3 Qe5 31. Rg3 Bh4 32. Rg2 g6 0-1

[Event "IECG CB.2005.0.00137 email"]
[Site "IECG email"]
[Date "2005.05.16"]
[Round "?"]
[White "Duro Sole, Ramon"]
[Black "Furman, Slavomir"]
[Result "1/2-1/2"]
[WhiteElo "1800"]
[BlackElo "1973"]
[PlyCount "74"]
[EventDate "2005.05.16"]
[EventType "tourn (corr)"]
[EventRounds "6"]
[SourceTitle "Corr 2008"]
[Source "ChessBase"]
[SourceDate "2008.06.24"]
[SourceVersion "1"]
[SourceVersionDate "2008.06.24"]
[SourceQuality "1"]

1. b3 e5 2. Bb2 Nc6 3. e3 d5 4. Bb5 Bd6 5. f4 Qe7 6. Nf3 f6 7. Bxc6+ bxc6 8. fxe5 fxe5 9. Nxe5 Qh4+ 10. g3 Qh3 11. Qf3 Nf6 12. Nd3 0-0 13. Qf1 Qxf1+ 14. Rxf1 Ng4 15. Rxf8+ Kxf8 16. Kf1 Nxh2+ 17. Kg2 Ng4 18. Nc3 Ba6 19. Na4 Bxd3 20. cxd3 Kg8 21. Rf1 Rf8 22. Rxf8+ Kxf8 23. Bd4 Ne5 24. Bxe5 Bxe5 25. d4 Bd6 26. g4 Kf7 27. d3 g6 28. Kf3 h5 29. gxh5 gxh5 30. Nc5 Bxc5 31. dxc5 Kg6 32. b4 Kf5 33. Kg3 Kg5 34. a3 h4+ 35. Kh3 a6 36. e4 dxe4 37. dxe4 Kf4 1/2-1/2

[Event "IECG CB.2005.0.00137 email"]
[Site "IECG email"]
[Date "2005.05.16"]
[Round "?"]
[White "Furman, Slavomir"]
[Black "Koslowski, Volker"]
[Result "0-1"]
[WhiteElo "1973"]
[BlackElo "1860"]
[PlyCount "54"]
[EventDate "2005.05.16"]
[EventType "tourn (corr)"]
[EventRounds "6"]
[SourceTitle "Corr 2008"]
[Source "ChessBase"]
[SourceDate "2008.06.24"]
[SourceVersion "1"]
[SourceVersionDate "2008.06.24"]
[SourceQuality "1"]

1. d4 Nf6 2. c4 g6 3. Nc3 d5 4. cxd5 Nxd5 5. e4 Nxc3 6. bxc3 Bg7 7. Nf3 c5 8. Rb1 0-0 9. Be2 b6 10. 0-0 Bb7 11. Qd3 e6 12. Rd1 Qc7 13. d5 exd5 14. exd5 Re8 15. Qc2 Nd7 16. Bb5 a6 17. d6 Qc8 18. Bxd7 Qxd7 19. Rxb6 Bxf3 20. gxf3 Qh3 21. Be3 Be5 22. f4 Qg4+ 23. Kf1 Bxf4 24. d7 Qh3+ 25. Ke1 Bxe3 26. dxe8Q+ Rxe8 27. fxe3 Qxe3+ 0-1